Southville International School and Colleges
Your cart is empty.
  • Cart
  • Lists
    Public lists Eva Luna New books Lux_list list_1
    Your lists Log in to create your own lists
  • Log in to your account
  • Your cookies
  • Search history
Southville International School and Colleges
  • Advanced search
  • Recent comments
  • Most popular
  • Libraries

Log in to your account

Log in with GOOGLE


If you do not have an external account, but do have a local account, you can still log in:

  1. Home
  2. MARC view: How could we harness a hurricane?
Normal view MARC view ISBD view

How could we harness a hurricane? (Record no. 368700)

[ view plain ]
MARC details
000 -LEADER
fixed length control field 00613nam a22001937a 4500
003 - CONTROL NUMBER IDENTIFIER
control field 0
005 - DATE AND TIME OF LATEST TRANSACTION
control field 20260113160343.0
008 - FIXED-LENGTH DATA ELEMENTS--GENERAL INFORMATION
fixed length control field 260113b xxu||||| |||| 00| 0 eng d
020 ## - INTERNATIONAL STANDARD BOOK NUMBER
International Standard Book Number 978-1-63322-246-5
082 ## - DEWEY DECIMAL CLASSIFICATION NUMBER
Classification number REF 551.55
Item number Cob653 2017
100 ## - MAIN ENTRY--PERSONAL NAME
Personal name Cobb, Vicki
245 ## - TITLE STATEMENT
Title How could we harness a hurricane?
Statement of responsibility, etc Vicki Cobb
260 ## - PUBLICATION, DISTRIBUTION, ETC. (IMPRINT)
Place of publication, distribution, etc Lake Forest, CA :
Name of publisher, distributor, etc Sea Grass,
Date of publication, distribution, etc 2017.
300 ## - PHYSICAL DESCRIPTION
Extent 47 pages :
Other physical details colored illustrations ;
Dimensions 26 cm.
504 ## - BIBLIOGRAPHY, ETC. NOTE
Bibliography, etc Includes bibliographical references and index.
650 ## - SUBJECT ADDED ENTRY--TOPICAL TERM
Topical term or geographic name as entry element Hurricanes
General subdivision Juvenile literature.
650 ## - SUBJECT ADDED ENTRY--TOPICAL TERM
Topical term or geographic name as entry element Natural disasters
General subdivision Prevention.
942 ## - ADDED ENTRY ELEMENTS (KOHA)
Source of classification or shelving scheme Dewey Decimal Classification
Koha item type Books
Holdings
Withdrawn status Lost status Source of classification or shelving scheme Damaged status Home library Current library Shelving location Date acquired Source of acquisition Sub Shelving location Total Checkouts Full call number Barcode Date last seen Price effective from Koha item type
    Dewey Decimal Classification   Munich Library Munich Library Reference Section 01/13/2026 Library Fund     REF 551.55 Cob653 2017 M9212 01/13/2026 01/13/2026 Books

How could we harness a hurricane?

APA

Cobb V., . (2017). How could we harness a hurricane?. Lake Forest, CA: Sea Grass.

Chicago

Cobb Vicki, . 2017. How could we harness a hurricane?. Lake Forest, CA: Sea Grass.

Harvard

Cobb V., . (2017). How could we harness a hurricane?. Lake Forest, CA: Sea Grass.

MLA

Cobb Vicki, . How could we harness a hurricane?. Lake Forest, CA: Sea Grass. 2017.

  • Place hold
  • Print
  • Cite
  • Add to your cart (remove)
  • Save record
    BIBTEX Dublin Core MARCXML MARC (non-Unicode/MARC-8) MARC (Unicode/UTF-8) MARC (Unicode/UTF-8, Standard) MODS (XML) RIS
  • More searches
    Search for this title in:
    Other Libraries (WorldCat) Other Databases (Google Scholar) Online Stores (Bookfinder.com) Open Library (openlibrary.org)

Exporting to Dublin Core...

SOUTHVILLE LIBRARY

Southville International School and Colleges Library

1281 Tropical Ave. Cor. Luxembourg St., BF Homes International, Las Pinas City

Tel. No. 8256374 / 252358 Loc. 117/146

Powered by Koha